Modely matematického programovania na výber portfólia
Gespeichert in:
| 1. Verfasser: | |
|---|---|
| Körperschaft: | |
| Weitere Verfasser: | , |
| Format: | Buch |
| Sprache: | Slowakisch |
| Veröffentlicht: |
Bratislava
Vydavateľstvo EKONÓM
2015
|
| Ausgabe: | 1. vyd. |
| Schlagworte: | |
| Tags: |
Keine Tags, Fügen Sie das erste Tag hinzu!
|
MARC
| LEADER | 00000nam a2200000 4500 | ||
|---|---|---|---|
| 001 | 0198554 | ||
| 005 | 20240502073344.6 | ||
| 020 | |a 978-80-225-4057-5 | ||
| 041 | 0 | |a slo | |
| 044 | |a SK | ||
| 245 | 1 | 0 | |a Modely matematického programovania na výber portfólia |c Juraj Pekár ; recenzenti: Josef Jablonský, Zuzana Čičková |
| 250 | |a 1. vyd. | ||
| 264 | 1 | |a Bratislava |b Vydavateľstvo EKONÓM |c 2015 | |
| 300 | |a 68 s. [3,93 AH] | ||
| 610 | 2 | 0 | |a programovanie matematické |
| 610 | 2 | 0 | |a modely matematické |
| 610 | 2 | 0 | |a modely |
| 610 | 2 | 0 | |a portfólio |
| 100 | 1 | |a Pekár, Juraj, 1972- | |
| 700 | 1 | |a Jablonský, Josef | |
| 700 | 1 | |a Čičková, Zuzana, 1978- | |
| 710 | 2 | |a Ekonomická univerzita v Bratislave. Fakulta hospodárskej informatiky | |